Prospects of genetics and epigenetics of alcohol use disorder

In this study, we illustrate recent findings regarding the genetics and epigenetics of alcohol use disorder (AUD). We further outline the future direction of genetic and epigenetic research in AUD.

Saved in:
Bibliographic Details
Main Authors: Wedemeyer, Friederike (Author) , Kaminski, Jakob A. (Author) , Zillich, Lea (Author) , Hall, Alisha S. M. (Author) , Friedel, Eva (Author) , Witt, Stephanie (Author)
Format: Article (Journal)
Language:English
Published: December 2020
In: Current addiction reports
Year: 2020, Volume: 7, Issue: 4, Pages: 446-452
ISSN:2196-2952
DOI:10.1007/s40429-020-00331-x
Online Access:Verlag, kostenfrei, Volltext: https://doi.org/10.1007/s40429-020-00331-x
Verlag, kostenfrei, Volltext: https://link.springer.com/article/10.1007/s40429-020-00331-x
Get full text
Author Notes:Friederike Wedemeyer, Jakob A. Kaminski, Lea Zillich, Alisha S.M. Hall, Eva Friedel, Stephanie H. Witt

MARC

LEADER 00000caa a2200000 c 4500
001 1905723148
003 DE-627
005 20241205181208.0
007 cr uuu---uuuuu
008 241015s2020 xx |||||o 00| ||eng c
024 7 |a 10.1007/s40429-020-00331-x  |2 doi 
035 |a (DE-627)1905723148 
035 |a (DE-599)KXP1905723148 
035 |a (OCoLC)1475315781 
040 |a DE-627  |b ger  |c DE-627  |e rda 
041 |a eng 
084 |a 33  |2 sdnb 
100 1 |a Wedemeyer, Friederike  |e VerfasserIn  |0 (DE-588)1251439845  |0 (DE-627)1789095328  |4 aut 
245 1 0 |a Prospects of genetics and epigenetics of alcohol use disorder  |c Friederike Wedemeyer, Jakob A. Kaminski, Lea Zillich, Alisha S.M. Hall, Eva Friedel, Stephanie H. Witt 
264 1 |c December 2020 
300 |a 7 
336 |a Text  |b txt  |2 rdacontent 
337 |a Computermedien  |b c  |2 rdamedia 
338 |a Online-Ressource  |b cr  |2 rdacarrier 
500 |a Online veröffentlicht: 15. September 2020 
500 |a Gesehen am 15.10.2024 
520 |a In this study, we illustrate recent findings regarding the genetics and epigenetics of alcohol use disorder (AUD). We further outline the future direction of genetic and epigenetic research in AUD. 
650 4 |a Addiction 
650 4 |a Alcohol use disorder 
650 4 |a Epigeneticsf 
650 4 |a Genetics 
650 4 |a Neurobiology 
650 4 |a Personalized medicine 
700 1 |a Kaminski, Jakob A.  |e VerfasserIn  |4 aut 
700 1 |a Zillich, Lea  |d 1994-  |e VerfasserIn  |0 (DE-588)1133523404  |0 (DE-627)889399670  |0 (DE-576)489474969  |4 aut 
700 1 |a Hall, Alisha S. M.  |e VerfasserIn  |4 aut 
700 1 |a Friedel, Eva  |e VerfasserIn  |4 aut 
700 1 |a Witt, Stephanie  |d 1970-  |e VerfasserIn  |0 (DE-588)132177897  |0 (DE-627)519022432  |0 (DE-576)298988399  |4 aut 
773 0 8 |i Enthalten in  |t Current addiction reports  |d Cham : Springer Internat. Publ., 2014  |g 7(2020), 4 vom: Dez., Seite 446-452  |h Online-Ressource  |w (DE-627)779395662  |w (DE-600)2757972-4  |w (DE-576)401710777  |x 2196-2952  |7 nnas  |a Prospects of genetics and epigenetics of alcohol use disorder 
773 1 8 |g volume:7  |g year:2020  |g number:4  |g month:12  |g pages:446-452  |g extent:7  |a Prospects of genetics and epigenetics of alcohol use disorder 
856 4 0 |u https://doi.org/10.1007/s40429-020-00331-x  |x Verlag  |x Resolving-System  |z kostenfrei  |3 Volltext 
856 4 0 |u https://link.springer.com/article/10.1007/s40429-020-00331-x  |x Verlag  |z kostenfrei  |3 Volltext 
951 |a AR 
992 |a 20241015 
993 |a Article 
994 |a 2020 
998 |g 132177897  |a Witt, Stephanie  |m 132177897:Witt, Stephanie  |d 60000  |e 60000PW132177897  |k 0/60000/  |p 6  |y j 
998 |g 1133523404  |a Zillich, Lea  |m 1133523404:Zillich, Lea  |d 60000  |e 60000PZ1133523404  |k 0/60000/  |p 3 
999 |a KXP-PPN1905723148  |e 4595438796 
BIB |a Y 
SER |a journal 
JSO |a {"title":[{"title":"Prospects of genetics and epigenetics of alcohol use disorder","title_sort":"Prospects of genetics and epigenetics of alcohol use disorder"}],"person":[{"role":"aut","family":"Wedemeyer","display":"Wedemeyer, Friederike","given":"Friederike"},{"role":"aut","family":"Kaminski","display":"Kaminski, Jakob A.","given":"Jakob A."},{"role":"aut","display":"Zillich, Lea","family":"Zillich","given":"Lea"},{"role":"aut","display":"Hall, Alisha S. M.","family":"Hall","given":"Alisha S. M."},{"role":"aut","given":"Eva","display":"Friedel, Eva","family":"Friedel"},{"given":"Stephanie","display":"Witt, Stephanie","family":"Witt","role":"aut"}],"id":{"eki":["1905723148"],"doi":["10.1007/s40429-020-00331-x"]},"origin":[{"dateIssuedKey":"2020","dateIssuedDisp":"December 2020"}],"note":["Online veröffentlicht: 15. September 2020","Gesehen am 15.10.2024"],"physDesc":[{"extent":"7 S."}],"type":{"media":"Online-Ressource","bibl":"article-journal"},"language":["eng"],"recId":"1905723148","name":{"displayForm":["Friederike Wedemeyer, Jakob A. Kaminski, Lea Zillich, Alisha S.M. Hall, Eva Friedel, Stephanie H. Witt"]},"relHost":[{"title":[{"title":"Current addiction reports","title_sort":"Current addiction reports"}],"origin":[{"publisherPlace":"Cham","dateIssuedDisp":"2014-","publisher":"Springer Internat. Publ.","dateIssuedKey":"2014"}],"part":{"volume":"7","issue":"4","year":"2020","pages":"446-452","text":"7(2020), 4 vom: Dez., Seite 446-452","extent":"7"},"pubHistory":["1.2014 -"],"id":{"eki":["779395662"],"zdb":["2757972-4"],"issn":["2196-2952"]},"type":{"media":"Online-Ressource","bibl":"periodical"},"physDesc":[{"extent":"Online-Ressource"}],"note":["Gesehen am 19.02.14"],"recId":"779395662","disp":"Prospects of genetics and epigenetics of alcohol use disorderCurrent addiction reports","language":["eng"]}]} 
SRT |a WEDEMEYERFPROSPECTSO2020